| 000 | 01135nas a2200337 4500 | ||
|---|---|---|---|
| 001 | BR2012008631 | ||
| 003 | BR-BrBNA | ||
| 005 | 20231205121548.0 | ||
| 007 | ta | ||
| 008 | 230509b bl.|||p| |||| 00| 00por d | ||
| 040 |
_aBR-BrBNA _bpor _cBiblioteca Nacional de Agricultura |
||
| 041 | _a(Pt) | ||
| 072 | _aL02; Q70 | ||
| 100 | 1 | _aReis, R. de S. | |
| 100 | 1 | _aBarreto, S.L. de T. | |
| 100 | 1 | _aLima, H.J.D. | |
| 100 | 1 | _aPaula, E. de | |
| 100 | 1 | _aMuniz, J.C.L. | |
| 100 | 1 | _aMencalha, R. | |
| 100 | 1 | _aViana, G. da S. | |
| 100 | 1 | _aBarbosa, L.M. dos R. | |
| 245 | 1 | _aSubstituição do calcário por farinha de casca de ovo na dieta de codornas japonesas no período de 40 a 52 semanas de idade | |
| 650 | _aCOTURNIX COTURNIX JAPONICA | ||
| 650 | _aNUTRIÇÃO ANIMAL | ||
| 650 | _aRESÍDUO | ||
| 650 | _aPERFORMANCE | ||
| 773 | 0 |
_tRevista Brasileira de Agropecuária Sustentável (Brazil) _xISSN 2178-5317 _g(Jul-2012), v.2(1) p. 107-112 _wBR2012008631 |
|
| 856 | 4 | 0 | _uhttp://www.rbas.com.br/downloads.php?arquivo=pdf/revista_1_artigo_23.pdf |
| 909 |
_a202311 _bLúcia _c55 _dLúcia Elande |
||
| 942 |
_2AGRIS _n0 _cANA |
||
| 999 |
_c224135 _d224135 |
||